000127500 001__ 127500
000127500 005__ 20230907110843.0
000127500 037__ $$aTAZ-TFG-2023-520
000127500 041__ $$aspa
000127500 1001_ $$aFerruz Cercas, Noelia.
000127500 24200 $$aEffect of exclusive breastfeeding on asthma, bronchiolitis an allergic rhinitis in children: Systematic review
000127500 24500 $$aEfecto de la lactancia materna exclusiva en el asma, bronquiolitis y rinitis alérgica infantil: Revisión sistemática
000127500 260__ $$aZaragoza$$bUniversidad de Zaragoza$$c2023
000127500 506__ $$aby-nc-sa$$bCreative Commons$$c3.0$$uhttp://creativecommons.org/licenses/by-nc-sa/3.0/
000127500 520__ $$aIntroducción: El asma, bronquiolitis y rinitis alérgica, forman parte, de las patologías más frecuentes en la infancia. La leche materna, contiene una serie de compuestos biológicamente activos, que son de elevada importancia, como posible factor positivo, en la prevención de estas enfermedades.<br />Objetivo: Conocer la evidencia, sobre los efectos de la alimentación con lactancia materna exclusiva, en las enfermedades respiratorias, tales como asma, bronquiolitis y rinitis alérgica en niños.<br />Método: Se ha llevado a cabo una búsqueda, en 3 bases de datos, Pubmed, Scopus y Web of Sciencie, a través de unas palabras clave. La selección de los estudios, se basó, en los criterios establecidos en la pregunta PICO-T, junto con los criterios de inclusión y exclusión. Para la selección de los estudios se utilizó, el diagrama prisma.<br />Resultados: 14 estudios fueron, finalmente seleccionados para su análisis. Se encontró, una asociación positiva, entre la duración de la lactancia materna y un menor riesgo, de rinitis alérgica en la infancia y que, el consumo de lactancia materna, en menores de 1 año, durante más de 6 meses, disminuía el riesgo de episodios e ingresos, por esta enfermedad. En el asma, la lactancia materna constituía un factor protector, pero no ejercía efecto si existía predisposición genética.<br />Conclusión: La lactancia materna, resulta ser un factor positivo, dentro de las estrategias de salud para la prevención del asma, rinitis alérgica y bronquiolitis infantil, pero sería pertinente ampliar las investigaciones.ç<br />Palabras clave: "lactancia materna exclusiva", "asma", "rinitis alérgica", "bronquiolitis", "enfermedades respiratorias infantiles" y "alergias infantiles".<br /><br />
000127500 521__ $$aGraduado en Enfermería
000127500 540__ $$aDerechos regulados por licencia Creative Commons
000127500 700__ $$aSubirón Valera, Ana Belén$$edir.
000127500 7102_ $$aUniversidad de Zaragoza$$bFisiatría y Enfermería$$cEnfermería
000127500 8560_ $$f799436@unizar.es
000127500 8564_ $$s389644$$uhttps://zaguan.unizar.es/record/127500/files/TAZ-TFG-2023-520.pdf$$yMemoria (spa)
000127500 909CO $$ooai:zaguan.unizar.es:127500$$pdriver$$ptrabajos-fin-grado
000127500 950__ $$a
000127500 951__ $$adeposita:2023-09-07
000127500 980__ $$aTAZ$$bTFG$$cEUCS
000127500 999__ $$a20230506112519.CREATION_DATE